Olimpiche

Αποθηκεύτηκε σε:
Λεπτομέρειες βιβλιογραφικής εγγραφής
Κύριος συγγραφέας: Πίνδαρος, π. 518-π. 438
Άλλοι συγγραφείς: Lehnus, Luigi (Μεταφραστής), Race, William H., 1943- (Συγγραφέας εισαγωγής κ.λπ.)
Μορφή: Βιβλίο
Γλώσσα:Greek
Italian
Δημοσίευση: Atene : Societa dei Caratteri Tipografici Greci, 2004.
Θέματα:
Ετικέτες: Προσθήκη ετικέτας
Δεν υπάρχουν, Καταχωρήστε ετικέτα πρώτοι!

MARC

LEADER 00000cam a2200000 i 4500
001 1/78034
008 080320s2004 gr | ||| |||| ||gre||
020 |a 9608815606 
035 |l 10095636 
040 |a GR-MY-UA  |b gre  |e aacr 
041 1 |a gre  |a ita 
082 7 |a 884.01   |2 (22) 
100 0 |a Πίνδαρος,   |d π. 518-π. 438. 
245 1 0 |a Olimpiche /   |c Pindaro ; traduzione Luigi Lehnus ; introduzione William H. Race.  
260 |a Atene :   |b Societa dei Caratteri Tipografici Greci,   |c 2004. 
300 |a xxx, 145 σ. :   |b εικ. ;   |c 30 εκ. 
500 |a Αρχαιοελληνικό κείμενο με ιταλική μετάφραση σε αντικριστές σελίδες.  
600 0 0 |a Πίνδαρος,   |d π. 518-π. 438. 
650 0 0 |a Mythology, Greek  |x Poetry. 
650 0 0 |a Olympic games (Ancient)  |x Poetry. 
650 0 0 |a Athletics  |z Greece  |x Poetry. 
650 0 0 |a Poetry, Ancient  |z Greece. 
700 1 |a Lehnus, Luigi,  |e trl 
700 1 |a Race, William H.,   |d 1943-  |e aui 
852 |a INST  |b RHODES  |e 20080320  |h 884.01 ΠΙΝ  |p 005400029569  |q 005400029569  |t BK  |y 0 
901 |a BIBL4-2008-1 
909 |a Ρ  |b 150037 
970 |a ΧΑΡΙΟΠΟΛΙΤΟΥ  |b ΚΩΝΣΤΑΝΤΙΝΑ  |z 2008/03/20